| 000 | 01418nam0a2200313 i 4500 | ||
|---|---|---|---|
| 001 | RU\NLR\bibl\2032085 | ||
| 005 | 20260405082804.0 | ||
| 010 |
_a9785446600038 _9500 |
||
| 021 |
_aRU _b2013-29870 _92053 |
||
| 035 | _a(NLR Aleph) 002019899 | ||
| 090 |
_a4499519 _c4499519 |
||
| 100 | _a20130513d2012 k||y0rusy50 ca | ||
| 101 | 0 | _arus | |
| 102 | _aRU | ||
| 105 | _aa ||||||||| | ||
| 200 | 1 |
_aСейсмическое зондирование нефтенасыщенности _fВ.Ш. Халилов, К.В. Антонов, Н.М. Ахметшин [и др.] _gРоссийская акад. естественных наук |
|
| 210 |
_aУфа _cГилем _d2012 |
||
| 215 |
_a114 с. _cил. _d20 |
||
| 320 | _aБиблиогр.: с. 103-110 (93 назв.) | ||
| 606 | 1 |
_aНефтяные пласты _xНефтенасыщенность _xСейсмическое зондирование _92167526 _3RU\NLR\AUTH\6601540804 |
|
| 686 | 1 | _aД454.1-440.6в752 | |
| 701 | 1 |
_aХалилов _bВ.Ш. _gВячеслав Шамильевич |
|
| 701 | 1 |
_8rus _7ca _aАнтонов _bК. В. _cканд. техн. наук, нефтедобыча _f1946- _gКонстантин Васильевич _3RU\NLR\AUTH\7729374 _912403 |
|
| 701 | 1 |
_aАхметшин _bН.М. _gНазым Мидхатович |
|
| 801 | 0 |
_aRU _bNLR _c20130513 _gRCR |
|
| 801 | 1 |
_aRU _bNLR _c20130513 |
|
| 942 | _cBOOK | ||
| 980 | _aNBR | ||